Регионална библиотека "Любен Каравелов" - Русе

Избранные концерты (Запис номер 369177)

MARC детайли
000 -Лидер
Контролно поле с фиксирана дължина ncm a22 a 4500
003 - Код на организацията, давaща контролен номер
Контролно поле BLK
005 - Дата и час на последна редакция
Контролно поле 20200619123042.0
008 - Елементи от данни с фиксирана дължина
fixed length control field 200323b bu ||||| |||| 00| 0 bu d
040 ## - Източник на каталожния запис
Идентификатор на билиотеката - собственик на записа BLK
041 ## - Код за език
Код за езика на текст/звукозапис или на отделно заглавие Руски
Код за езика КДБФ Руски
080 ## - УДК
Текстов определител УДК Концерти, инструментални
УДК код - определител по УДК 785.6
УДК определител :788.8
УДК - код + определител 785.6:788.8
100 1# - Редна дума - Автор
R(LIN) 47871
Автор Вивальди, Антонио
Авторска отговорност първи автор
139 ## - Редно поле
Редна дума Вивальди, Антонио
Авторски знак Ви - В 55
245 ## - Сведения за заглавието
Заглавие Избранные концерты
Подзаглавни данни для фагота, струнных и чембало
Редно поле (дума) Антонио Вивальди
Форма, вид, жанр Клавир
257 ## - Страна на издаване
Страна на създаване/издаване Русия
260 ## - Област на издателските данни
9 (RLIN) 402764
Място на издаване, разпространение и проч. Москва
Име на издателя, разпространителя и проч. Музыка
Година на издаване 1978
300 ## - Физическа характеристика
Страници 49 с.
Илюстрации и др. 29 с.
Съпровождащи материали щим 20 с.
380 ## - Жанр
Жанр Изкуство
505 ## - Форматирана забележка
Заглавие Концерт до-мажор
505 ## - Форматирана забележка
Заглавие Концерт фа-мажор
505 ## - Форматирана забележка
Заглавие Концерт ля-минор
650 #7 - Допълнително описание по предмет – тема
9 (RLIN) 159299
Основно описание – тема или топоним Концерти
653 #7 - Ключова дума – ненормативна
9 (RLIN) 189133
Ключова дума концерти
700 1# - Други автори (авторска отговорност)
9 (RLIN) 47870
Лично име Вивалди, Антонио
852 ## - Местоположение
Форматна сигнатура Цб М ІІ 7987
Фондова буква Хранилище
999 ## - СИСТЕМНИ КОНТРОЛНИ НОМЕРА
Koha biblionumber 369177
Koha biblioitemnumber 369177
942 ## - АРТИКУЛИ
Вид на библиотечния материал Нотни издания
Скрит в OPAC Не
Периодичен библиозапис Да
944 ## - СЪЗДАВАНЕ И РЕДАКЦИЯ на ЗАПИСА
Дата на регистрацията/редакция 2020-06-17
Служител, извършил регистрацията/редакцията ГГГ
Създаване/Редакция Създаване
999 ## - СИСТЕМНИ КОНТРОЛНИ НОМЕРА
Koha biblioitemnumber 369177
999 ## - СИСТЕМНИ КОНТРОЛНИ НОМЕРА
Koha biblioitemnumber 369177
Наличности
Код за отписване Код за изгубен артикул Източник на класификационната схема Код за повреда Коз за рестрикции Код за отдаване Артикулен № Име на библиотеката - собственик Име на библиотеката, в която се намира в момента Статус (Текущо местоположение) Дата на вписване в системата Местоположение - отдел Цена в лева Инвентарен номер Систематично азбучна сигнатура Баркод Цена в евро Служебен тип на артикула
  Не е изгубен Universal Decimal Classification Не е повреден само за читалня ползва се в читалня 777440 Регионална библиотека "Любен Каравелов" Русе Регионална библиотека "Любен Каравелов" Русе Хранилище 2020-06-19 Основен фонд - ползва се само за читалня 1.12 278108 Цб М ІІ 7987 900000022457 0.57 Нотни издания
Vip Innovations Ltd, Rousse, Bulgaria 2025